000 00488nam a2200133Ia 4500
008 100328s9999 xx 000 0 und d
082 _b30922
100 _aसावंत पांडुरंग
245 _aमहाराष्ट्राचा सूर्योदय
260 _bत्रिदल
630 _aमहाराष्ट्राचा सूर्योदय
730 _aमहाराष्ट्राचा सूर्योदय
942 _cBOOK
999 _c521880
_d521877